| 000 | 00395nam a2200109 a 4500 | ||
|---|---|---|---|
| 008 | 120416s9999 xx |||||||||||||| || u | ||
| 050 | _aTD 481 Hal | ||
| 100 | _aHall, F | ||
| 245 | 1 | 0 | _aWater installation and drainage systems |
| 350 | _a0.00 | ||
| 995 |
_D0.00 _FCBU-MAIN LIBRARY (Kitwe) _H1 _I10.95 _UAVAILABLE _ZMain Library Open Access Collection |
||
| 999 |
_c61480 _d61480 |
||